000 00571nam a2200205Ia 4500
003 GCL
008 140319s9999 xx 000 0 eng d
020 _a063121920X
040 _aGCL /
_cGCL
082 0 4 _a155.5
_bA B
100 1 _aADAMS, GERALD R.
245 1 0 _aBLACKWELL HANDBOOK OF ADOLESCENCE /
_cADAMS, GERALD R.
700 1 _aBERZONSKY, MICHAEL D.
260 _aانجلترا :
_bBLACKWELL PUBLISHERS ،
_c2003
300 _a24 CM ؛
_c648 P
650 0 4 _aADOLESCENCE
650 0 4 _aADOLESCENT PSYCHOLOGY
650 0 4 _aADOLESCENT ANALYSIS
942 _2ddc
_cBK
999 _c6555
_d6555